书目信息 |
| 题名: |
代理权与经理权之间
|
|
| 作者: | 陈自强 著 | |
| 分册: | ||
| 出版信息: | 北京 北京大学出版社 2008.01 |
|
| 页数: | 244页 | |
| 开本: | 23cm | |
| 丛书名: | 元照法学文库 | |
| 单 册: | ||
| 中图分类: | D913.04 | |
| 科图分类: | ||
| 主题词: | 商法--shang fa--研究 , 民法--min fa--研究 | |
| 电子资源: | ||
| ISBN: | 978-7-301-12834-3 | |
| 000 | 01132nam 2200301 450 | |
| 001 | 012008386526 | |
| 005 | 20080901184911.75 | |
| 010 | @a978-7-301-12834-3@dCNY29.00 | |
| 100 | @a20080901d2008 em y0chiy0120 ea | |
| 101 | 0 | @achi |
| 102 | @aCN@b110000 | |
| 105 | @ay a 000yy | |
| 106 | @ar | |
| 200 | 1 | @a代理权与经理权之间@Adai li quan yu jing li quan zhi jian@d= Agency versus managerial power@e民商合一与民商分立@f陈自强@Fchen zi qiang@zeng |
| 210 | @a北京@c北京大学出版社@d2008.01 | |
| 215 | @a244页@d23cm | |
| 225 | 2 | @a元照法学文库@Ayuan zhao fa xue wen ku |
| 320 | @a有书目 (第238-244页) | |
| 330 | @a本书分五章,内容包括:民事代理权范围之确定与限制、代理权授予行为无因性之检讨、商事代理权之范围确定与限制、表见公司经理人、民商合一与民商分立。 | |
| 410 | 0 | @12001 @a元照法学文库 |
| 510 | 1 | @aAgency versus managerial power@zeng |
| 517 | 1 | @a民商合一与民商分立@Amin shang he yi yu min shang fen li |
| 606 | 0 | @a商法@Ashang fa@x研究 |
| 606 | 0 | @a民法@Amin fa@x研究 |
| 690 | @aD913.04@v4 | |
| 701 | 0 | @a陈自强@Achen zi qiang@4著 |
| 801 | 0 | @aCN@bQSSK@c20080901 |
| 905 | @b733390-92@dD913.04@eC655@f3 | |
| 代理权与经理权之间= Agency versus managerial power:民商合一与民商分立/陈自强.-北京:北京大学出版社,2008.01 |
| 244页;23cm.-(元照法学文库) |
| ISBN 978-7-301-12834-3:CNY29.00 |
| 本书分五章,内容包括:民事代理权范围之确定与限制、代理权授予行为无因性之检讨、商事代理权之范围确定与限制、表见公司经理人、民商合一与民商分立。 |
| ● |
| 相关链接 |
|
|
|
正题名:代理权与经理权之间
索取号:D913.04/C655
 
预约/预借
| 序号 | 登录号 | 条形码 | 馆藏地/架位号 | 状态 | 备注 |
| 1 | 733390 | 207333900 | 社科库509/509社科库 81排6列2层/ [索取号:D913.04/C655] | 在馆 | |
| 2 | 733391 | 207333919 | 社科库509/509社科库 81排6列2层/ [索取号:D913.04/C655] | 在馆 | |
| 3 | 733392 | 207333928 | 社科库509/509社科库 81排6列2层/ [索取号:D913.04/C655] | 在馆 |